000 01185nam0a2200325 4500
001 RU\NLR\bibl\32115
005 20250615022844.0
010 _a5-89531-023-0
_95000
035 _a(NLR Aleph) 000031292
090 _a156830
_c156830
100 _a19990608d1998 |||y0rusy50 ca
101 0 _arus
_ager
_eger
102 _aRU
105 _a|||||||||||||
200 1 _aБольшой толковый словарь немецкого языка
_dLangenscheidts Grobwörterbuch Deutsch als Fremdsprache
_e[Для изучающих нем. яз.]
_fHrsg: prof. Dr. Dieter Götz et al
_zger
210 _aМ.
_cМарт
_d1998
215 _a1216 с.
_cил.
_d25
510 0 _aLangenscheidts Grobwörterbuch Deutsch als Fremdsprache
_zger
606 1 _aНемецкий язык
_xТолковые словари
_91696674
_3RU\NLR\auth\66754836
686 1 _aШ143.24-420
702 1 _aГетц
_bД.
_gДитер
_4340
801 0 _aRU
_bNLR
_c19990608
_gPSBO
801 1 _aRU
_bNLR
_c19990608
852 _aNLR
_jС К-3/498
942 _cBOOK
980 _aNB